zpět

Detail výsledku týmu

U Lucerny ST, Brno

Datum a čas kvízu

25 Celkem bodů Celkový počet nahraných bodů na tomto kvízu bez doplňovacích otázek.
8. Pořadí na kvízu Konečné umístění týmu na tomto kvízu.

Zaznamenané odpovědi

# Otázka Odpověď Body Výsledky
1. Ekonomka a bývalá rektorka brn... Danuše Nerudová 1
2. Do Venezuely dorazila bílá lví... z Hodonína 0
3. V neděli došlo v pařížském Lou... dort 1
4. Dvě velké banky se v České rep... Komerční banka, Moneta 0.5
5. Jak se jmenuje nový trenér prv... Brian Priske 0
6. V dalším díle této tematické s... C 0
7. Paulinie nápojná je známá hlav... guarana 1
8. Tento pták je druhým největším... harpyje 0
9. S podobně vypadajícím zvířetem... ocelot 0
10. Tato zelenina pochází z Jižní... ačokča 1